| 000 | 01398nam0a2200337 i 4500 | ||
|---|---|---|---|
| 001 | RU\NLR\bibl\1966474 | ||
| 005 | 20241101004722.0 | ||
| 010 |
_a9785994003282 _9300 |
||
| 021 |
_aRU _b2012-80947 _96003 |
||
| 035 | _a(NLR Aleph) 001955389 | ||
| 090 |
_a3752259 _c3752259 |
||
| 100 | _a20121114d2012 u y0rusy50 ca | ||
| 101 | 0 |
_arus _deng |
|
| 102 | _aRU | ||
| 105 | _aa ||||||||| | ||
| 200 | 1 |
_aГлобальный долговой кризис и риски долговой политики России _e[научный доклад] _fБ.А. Хейфец _g[Ин-т экономики, Рос. акад. наук] |
|
| 210 |
_aМосква _cИнститут экономики _d2012 |
||
| 215 |
_a55, [2] c . _cил. _d24 |
||
| 225 | 1 | _aНаучные доклады Института экономики РАН | |
| 300 | _aВ конце кн. авт. Б.А. Хейфец - д.э.н., проф. | ||
| 300 | _aРез. на англ. яз. | ||
| 320 | _aБиблиогр. в конце кн. | ||
| 606 | 1 |
_aДолги _yРоссийская Федерация _92228262 _3RU\NLR\auth\661337561 |
|
| 686 | _aУ26(2)8 | ||
| 700 | 1 |
_4070 _aХейфец _bБ. А. _gБорис Аронович _9139238 _3RU\NLR\AUTH\770139273 |
|
| 801 | 0 |
_aRU _bNLR _c20121114 _gRCR |
|
| 801 | 1 |
_aRU _bNLR _c20121114 |
|
| 942 | _cBOOK | ||
| 980 | _aNBR | ||